Diseño de un controlador PD adaptivo "ADAPD" basado en el microcontrolador 8051
Uloženo v:
| Hlavní autor: | |
|---|---|
| Další autoři: | |
| Médium: | Kniha |
| Vydáno: |
[San José , Costa Rica]
1993
|
| Témata: | |
| Tagy: |
Přidat tag
Žádné tagy, Buďte první, kdo vytvoří štítek k tomuto záznamu!
|
MARC
| LEADER | 00000nam a2200000Ia 4500 | ||
|---|---|---|---|
| 003 | 006079 | ||
| 005 | 20240104152234.0 | ||
| 008 | 140114s1993 cr a m 000 ||s d | ||
| 040 | |c cru CEDI | ||
| 090 | |a TFG 2756 | ||
| 100 | |a Kuen On Mok, Chiu |9 12109 | ||
| 245 | |a Diseño de un controlador PD adaptivo "ADAPD" basado en el microcontrolador 8051 | ||
| 260 | |a [San José , Costa Rica] |c 1993 | ||
| 300 | |a vii, 37, [31] páginas : ilustraciones | ||
| 500 | |a Proyecto de graduación (bachillerato en ingeniería eléctrica)--Universidad de Costa Rica. Facultad de Ingeniería. Escuela de Ingeniería Eléctrica | ||
| 501 | |a Profesor Guía: Ing. Jorge Badilla | ||
| 650 | |x REGULADORES ELECTRICOS - DISEÑO |x CONTROL AUTOMATICO |9 12110 | ||
| 700 | |a Badilla Pérez, Jorge, 1953- |d Director de Proyecto Eléctrico |9 1789 | ||
| 942 | |c TFG |h TFG 2756 |i 006079 |6 TFG_2756_006079000000000 | ||
| 999 | |c 19947 |d 19947 | ||
